[Event "Campeonato de España sub-16 2011"]
[Site "Padron ESP"]
[Date "2011.07.24"]
[Round "9.6"]
[White "Pardo Simon, David"]
[Black "Rodriguez Ferraz, Borja"]
[Result "1-0"]
[WhiteElo "2388"]
[BlackElo "2125"]
[PlyCount "113"]
[EventDate "2011.07.19"]
[EventType "swiss"]
[EventRounds "9"]
[EventCountry "ESP"]
[Source "lmi"]
[SourceDate "2011.07.19"]

1. Nf3 Nf6 2. g3 d5 3. Bg2 g6 4. b3 Bg7 5. Bb2 O-O 6. O-O c6 7. d3 Nbd7 8. Nbd2
Qc7 9. e4 Ne8 10. Bxg7 Nxg7 11. Re1 Re8 12. e5 b6 13. c3 Bb7 14. d4 Ne6 15. Bh3
Ndf8 16. Nf1 c5 17. Qd2 Kg7 18. Nh4 h6 19. f4 Kh7 20. Bg2 Ng7 21. Ne3 Red8 22.
f5 g5 23. Nf3 Qd7 24. g4 Kg8 25. h4 Nh7 26. Nf1 f6 27. e6 Qd6 28. h5 Ne8 29.
Ne3 Rac8 30. Rad1 Nc7 31. a4 Nf8 32. Qf2 Na6 33. Bf1 cxd4 34. Nxd4 Qf4 35. Bxa6
Bxa6 36. Rc1 Bd3 37. b4 a6 38. Red1 Be4 39. Ne2 Qe5 40. Rd4 b5 41. axb5 axb5
42. Rcd1 Ra8 43. R4d2 Rac8 44. Nf1 Rc4 45. Nfg3 Rdc8 46. Rd4 Rxd4 47. Rxd4 Bb1
48. Qf3 Ba2 49. Rd1 Bc4 50. Nd4 Ra8 51. Nc6 Qd6 52. Na5 Qf4 53. Kf2 Rc8 54. Rd4
Qc1 55. Nxc4 dxc4 56. Ne2 Qa3 57. Qb7 1-0

[Event "Campeonato de España sub-16 2011"]
[Site "Padron ESP"]
[Date "2011.07.24"]
[Round "9.7"]
[White "Acosta Sosa, Juan Manuel"]
[Black "Suarez Garcia, Carlos"]
[Result "1-0"]
[WhiteElo "2088"]
[BlackElo "2250"]
[PlyCount "77"]
[EventDate "2011.07.19"]
[EventType "swiss"]
[EventRounds "9"]
[EventCountry "ESP"]
[Source "lmi"]
[SourceDate "2011.07.19"]

1. d4 Nf6 2. Nf3 g6 3. g3 c5 4. d5 d6 5. c4 b5 6. cxb5 a6 7. b6 Nbd7 8. Nc3 Bg7
9. Bg2 O-O 10. O-O Rb8 11. h3 Nxb6 12. a4 a5 13. Re1 Ne8 14. e4 Nc7 15. Nb5
Nxb5 16. axb5 Bd7 17. Bf1 a4 18. e5 Qc7 19. Bg5 f6 20. exf6 exf6 21. Bf4 g5 22.
Bd2 Be8 23. Ba5 Qa7 24. Bxb6 Qxb6 25. Qxa4 Bxb5 26. Bxb5 Qxb5 27. Qxb5 Rxb5 28.
Re6 Rxb2 29. Rxd6 Rf7 30. Rc6 Bf8 31. Ra8 Kg7 32. Rd8 Rbb7 33. d6 Rb1+ 34. Kg2
Rd1 35. Nh2 c4 36. Ng4 c3 37. Ne3 Rc1 38. Rdc8 Kg6 39. d7 1-0

[Event "Campeonato de España sub-16 2011"]
[Site "Padron ESP"]
[Date "2011.07.24"]
[Round "9.8"]
[White "Jareno Badenas, Aleix"]
[Black "Aranaz Murillo, Amalia"]
[Result "0-1"]
[WhiteElo "2026"]
[BlackElo "2176"]
[PlyCount "112"]
[EventDate "2011.07.19"]
[EventType "swiss"]
[EventRounds "9"]
[EventCountry "ESP"]
[Source "lmi"]
[SourceDate "2011.07.19"]

1. e4 c6 2. d4 d5 3. f3 dxe4 4. fxe4 e5 5. Nf3 Bg4 6. c3 Bh5 7. Be2 Nd7 8. Qb3
Bxf3 9. Bxf3 Qb6 10. Qxb6 Nxb6 11. dxe5 Nd7 12. e6 fxe6 13. Be3 Bc5 14. Ke2
Ngf6 15. Nd2 Bxe3 16. Kxe3 Ne5 17. Rad1 c5 18. Be2 Rf8 19. h3 Ke7 20. Nf3 Nfd7
21. Rd2 Nxf3 22. gxf3 Rf6 23. Rg1 Rg8 24. Rgd1 Nb8 25. a4 Rff8 26. Bc4 g5 27.
Rg2 Nc6 28. Rdg1 h6 29. h4 Ne5 30. Be2 Kf6 31. hxg5+ hxg5 32. Rh1 Rh8 33. Rgg1
Ng6 34. Rd1 Rxh1 35. Rxh1 Rh8 36. Rxh8 Nxh8 37. f4 gxf4+ 38. Kxf4 Ng6+ 39. Ke3
Ke5 40. b3 Nf8 41. Bc4 Nd7 42. Be2 Nf6 43. Bd3 Ne8 44. Be2 Nd6 45. Bd3 a6 46.
a5 Nc8 47. b4 cxb4 48. cxb4 Na7 49. Be2 Nc6 50. b5 axb5 51. Bxb5 Nxa5 52. Bd3
Nb3 53. Bc2 Nc5 54. Bb1 b5 55. Bc2 b4 56. Bb1 b3 0-1

[Event "Campeonato de España sub-16 2011"]
[Site "Padron ESP"]
[Date "2011.07.24"]
[Round "9.9"]
[White "Sanchez Garcia, Julio"]
[Black "Ballester Llagaria, Luis Eduard"]
[Result "1-0"]
[WhiteElo "1972"]
[BlackElo "2139"]
[PlyCount "95"]
[EventDate "2011.07.19"]
[EventType "swiss"]
[EventRounds "9"]
[EventCountry "ESP"]
[Source "lmi"]
[SourceDate "2011.07.19"]

1. e4 c5 2. Nf3 e6 3. d3 Nc6 4. g3 Nf6 5. Bg2 d5 6. Nbd2 Be7 7. O-O O-O 8. Re1
b5 9. e5 Nd7 10. Nf1 a5 11. h4 Ba6 12. N1h2 Re8 13. Bf4 b4 14. Bh3 Nf8 15. h5
h6 16. Qc1 Nh7 17. Ng4 Bf8 18. b3 Rc8 19. Qd2 Na7 20. Rac1 Nb5 21. Bf1 Nc3 22.
a4 c4 23. dxc4 dxc4 24. Qxd8 Rexd8 25. Nd2 cxb3 26. Bxa6 b2 27. Rb1 Nxb1 28.
Rxb1 Rxc2 29. Nb3 Ng5 30. Bxg5 hxg5 31. Ne3 Rc3 32. Rxb2 Bc5 33. Nc4 Rd1+ 34.
Kg2 Ba7 35. Ncxa5 g4 36. Bb5 Re1 37. Nc6 Bc5 38. Nxc5 Rxc5 39. Rxb4 Rcc1 40.
Rxg4 Rg1+ 41. Kf3 Rc3+ 42. Ke2 Rb1 43. Rd4 Rh1 44. a5 Rc5 45. Rd8+ Kh7 46. Bd3+
g6 47. hxg6+ fxg6 48. a6 1-0

[Event "Campeonato de España sub-16 2011"]
[Site "Padron ESP"]
[Date "2011.07.24"]
[Round "9.10"]
[White "Silva Rodriguez, Julio"]
[Black "Segura Santos, Luis"]
[Result "1/2-1/2"]
[WhiteElo "2133"]
[BlackElo "1923"]
[PlyCount "116"]
[EventDate "2011.07.19"]
[EventType "swiss"]
[EventRounds "9"]
[EventCountry "ESP"]
[Source "lmi"]
[SourceDate "2011.07.19"]

1. e4 c5 2. Nf3 d6 3. d4 cxd4 4. Nxd4 Nf6 5. Nc3 a6 6. g3 e5 7. Nb3 Nbd7 8. a4
b6 9. Bg2 Bb7 10. O-O Be7 11. Re1 O-O 12. Nd2 Nc5 13. Nf1 b5 14. Bg5 b4 15.
Bxf6 Bxf6 16. Nd5 a5 17. Nfe3 Bg5 18. Nc4 Ba6 19. Nde3 Bxe3 20. Nxe3 g6 21. Qd2
b3 22. c4 Ne6 23. Rad1 Nd4 24. Qc3 Rc8 25. Rxd4 exd4 26. Qxd4 Bb7 27. Qc3 Rb8
28. Rd1 Qe7 29. Ng4 f6 30. Re1 h5 31. Ne3 Qe5 32. Qd2 Rfe8 33. h4 Qc5 34. Qd3
Kh7 35. g4 Rbd8 36. Bf3 f5 37. gxf5 gxf5 38. e5 Be4 39. Bxe4 fxe4 40. Qxe4+ Kh8
41. e6 Qe5 42. Nd5 Rg8+ 43. Kf1 Qh2 44. Qd4+ Rg7 45. e7 Qg2+ 46. Ke2 Re8 47.
Kd2 Qg6 48. Qe4 Qh6+ 49. Kd1 Rf7 50. f4 Qg7 51. f5 Qxb2 52. f6 Rxf6 53. Nxf6
Qxf6 54. Qe6 Qd4+ 55. Ke2 Qe5+ 56. Kd1 Qd4+ 57. Ke2 Qe5+ 58. Kd1 Qd4+ 1/2-1/2

[Event "Campeonato de España sub-16 2011"]
[Site "Padron ESP"]
[Date "2011.07.24"]
[Round "9.11"]
[White "Valhondo Morales, Ruben"]
[Black "Cerrato Torrijos, Maria"]
[Result "1/2-1/2"]
[WhiteElo "1993"]
[BlackElo "2124"]
[PlyCount "128"]
[EventDate "2011.07.19"]
[EventType "swiss"]
[EventRounds "9"]
[EventCountry "ESP"]
[Source "lmi"]
[SourceDate "2011.07.19"]

1. e4 c5 2. a3 Nf6 3. e5 Nd5 4. Nc3 Nxc3 5. dxc3 d5 6. Bf4 g6 7. Qd2 Bg7 8.
O-O-O Be6 9. h4 Nc6 10. Nf3 h6 11. Be2 Qb6 12. Rhe1 O-O-O 13. Bf1 Kb8 14. Nh2
Ka8 15. f3 d4 16. c4 Qa6 17. Qd3 Na5 18. b3 Bf5 19. Qd2 g5 20. g4 Nc6 21. Kb2
gxf4 22. gxf5 Nxe5 23. Bd3 Nxd3+ 24. cxd3 Qd6 25. Re4 h5 26. Rde1 Bf6 27. Qxf4
Qxf4 28. Rxf4 Rhg8 29. Re2 Rg1 30. Rfe4 Rdg8 31. b4 cxb4 32. axb4 Rh1 33. Kb3
Rg3 34. Rf2 Rh3 35. Nf1 Rxh4 36. Ng3 Rd1 37. Kc2 Ra1 38. Kb2 Rg1 39. Ne2 Rgh1
40. Ng3 R1h2 41. Rxh2 Rxh2+ 42. Kb3 Kb8 43. Ne2 Rf2 44. Nxd4 h4 45. Nb5 a6 46.
Nc3 h3 47. Nd5 h2 48. Re1 Rxf3 49. Nxf6 exf6 50. Re8+ Kc7 51. Rh8 Rxd3+ 52. Kc2
Ra3 53. Kb2 Rf3 54. Rxh2 Rxf5 55. Rh7 Rf3 56. Rxf7+ Kc6 57. Kc2 b5 58. c5 Kd5
59. Rd7+ Kc4 60. c6 Rc3+ 61. Kb2 Rb3+ 62. Ka2 Rc3 63. Kb2 Rb3+ 64. Ka2 Rc3
1/2-1/2

[Event "Campeonato de España sub-16 2011"]
[Site "Padron ESP"]
[Date "2011.07.24"]
[Round "9.12"]
[White "Suarez Gomez, Julio"]
[Black "Nicolas Zapata, Irene"]
[Result "1/2-1/2"]
[WhiteElo "1819"]
[BlackElo "2117"]
[PlyCount "103"]
[EventDate "2011.07.19"]
[EventType "swiss"]
[EventRounds "9"]
[EventCountry "ESP"]
[Source "lmi"]
[SourceDate "2011.07.19"]

1. e4 c5 2. d3 Nc6 3. g3 g6 4. Bg2 Bg7 5. f4 d6 6. c3 Nf6 7. Nf3 O-O 8. O-O Rb8
9. h3 b5 10. Nbd2 a5 11. g4 Nd7 12. Rb1 Qb6 13. Kh1 Qa7 14. Nh2 b4 15. c4 a4
16. g5 Nd4 17. Ndf3 Bb7 18. Nxd4 cxd4 19. Ng4 Qa8 20. Qe1 f5 21. gxf6 Nxf6 22.
Nxf6+ Rxf6 23. Bd2 Rbf8 24. Qg3 Qb8 25. Qh4 e6 26. b3 a3 27. Rbe1 Bc6 28. Kg1
Ba8 29. Qg5 e5 30. fxe5 dxe5 31. Qg4 Qd6 32. Rxf6 Bxf6 33. Rf1 Bc6 34. h4 Kh8
35. Bh3 Bg7 36. Rxf8+ Qxf8 37. Qc8 Qxc8 38. Bxc8 Bf8 39. Kg2 Kg7 40. Bg4 Be7
41. Kg3 h6 42. Bd1 Bd7 43. Bg4 Be8 44. Bd1 Bf8 45. Be2 Kf6 46. Bd1 Bd7 47. Bg4
Bc6 48. Bd1 Be8 49. Be2 Kg7 50. Bd1 Be7 51. Be2 h5 52. Bd1 1/2-1/2

[Event "Campeonato de España sub-16 2011"]
[Site "Padron ESP"]
[Date "2011.07.24"]
[Round "9.13"]
[White "Cruz Lledo, Pablo"]
[Black "Buiza Prieto, Aizbeltz"]
[Result "1-0"]
[WhiteElo "2269"]
[BlackElo "1949"]
[PlyCount "99"]
[EventDate "2011.07.19"]
[EventType "swiss"]
[EventRounds "9"]
[EventCountry "ESP"]
[Source "lmi"]
[SourceDate "2011.07.19"]

1. d4 d5 2. c4 e6 3. Nc3 Be7 4. Nf3 Nf6 5. Qb3 dxc4 6. Qxc4 O-O 7. g3 Nbd7 8.
Bg2 a6 9. O-O c5 10. dxc5 Bxc5 11. Bg5 b5 12. Qf4 h6 13. Bxf6 Qxf6 14. Ne5 Qxf4
15. gxf4 Ra7 16. Ne4 Nxe5 17. Nxc5 Nd7 18. Rac1 Nxc5 19. Rxc5 Bb7 20. e4 Ba8
21. Rfc1 Rd8 22. f3 Rad7 23. Rc8 Kh7 24. Rxd8 Rxd8 25. Rc7 Kg6 26. Ra7 Rd1+ 27.
Bf1 Bc6 28. Rxa6 Bd7 29. b4 Kh5 30. Kf2 Rd2+ 31. Be2 g5 32. fxg5 hxg5 33. Ra7
f5 34. Ke3 Rd6 35. f4+ Kg6 36. fxg5 Kxg5 37. h4+ Kf6 38. Rb7 fxe4 39. Bxb5 Bxb5
40. Rxb5 Rd3+ 41. Kxe4 Ra3 42. Ra5 Rh3 43. Kd4 Rxh4+ 44. Kc5 e5 45. b5 e4 46.
Ra3 Rh2 47. b6 Ke7 48. b7 Rh5+ 49. Kd4 Rb5 50. Rb3 1-0

[Event "Campeonato de España sub-16 2011"]
[Site "Padron ESP"]
[Date "2011.07.24"]
[Round "9.14"]
[White "Meneses Gonzalez, Kevin Moises"]
[Black "Norte Garcia, Andrea"]
[Result "1-0"]
[WhiteElo "2226"]
[BlackElo "1910"]
[PlyCount "109"]
[EventDate "2011.07.19"]
[EventType "swiss"]
[EventRounds "9"]
[EventCountry "ESP"]
[Source "lmi"]
[SourceDate "2011.07.19"]

1. e4 c5 2. Nf3 e6 3. d4 cxd4 4. Nxd4 a6 5. Bd3 Qc7 6. O-O Nf6 7. Qe2 d6 8. c4
Nbd7 9. Nc3 g6 10. Nf3 Bg7 11. Rd1 O-O 12. Bf4 Ng4 13. Rac1 Nge5 14. Be3 Nxf3+
15. Qxf3 b6 16. Qe2 Bb7 17. f3 Rfe8 18. Qf2 Rab8 19. Bf1 Ba8 20. Qd2 Bf8 21. b3
Red8 22. Kh1 Nf6 23. Qf2 Be7 24. Na4 Nd7 25. Rc2 Nc5 26. Nc3 Nd7 27. Rcc1 Ne5
28. Be2 Nd7 29. Bf1 Rf8 30. Bh6 Rfd8 31. Qd4 e5 32. Qd2 Nc5 33. Be3 Rdc8 34.
Nd5 Bxd5 35. cxd5 a5 36. Bb5 Bf6 37. a3 Qd8 38. Rb1 Bg7 39. b4 axb4 40. axb4
Nd7 41. Rdc1 Rxc1+ 42. Rxc1 f5 43. Qc2 f4 44. Bf2 Nf6 45. Qc7 Qxc7 46. Rxc7 Bf8
47. Bc6 Ne8 48. Ra7 b5 49. Kg1 g5 50. Kf1 Bg7 51. Ra5 Bf6 52. Rxb5 Rc8 53. Rb7
Ra8 54. Ra7 Rb8 55. b5 1-0

[Event "Campeonato de España sub-16 2011"]
[Site "Padron ESP"]
[Date "2011.07.24"]
[Round "9.15"]
[White "Bals Hernandez, Jordi"]
[Black "Diaz Camallonga, Carles"]
[Result "1/2-1/2"]
[WhiteElo "2089"]
[BlackElo "1958"]
[PlyCount "139"]
[EventDate "2011.07.19"]
[EventType "swiss"]
[EventRounds "9"]
[EventCountry "ESP"]
[Source "lmi"]
[SourceDate "2011.07.19"]

1. d4 Nf6 2. Bg5 e6 3. e4 h6 4. Bxf6 Qxf6 5. Nc3 d6 6. Qd2 g5 7. O-O-O a6 8. g3
Nd7 9. f4 Rg8 10. Nge2 Bg7 11. Bg2 Qe7 12. e5 Nb6 13. a3 d5 14. f5 Bf8 15. Qd3
Rh8 16. h4 gxh4 17. f6 Qd8 18. Rxh4 Nc4 19. Nf4 c6 20. Rdh1 Qb6 21. Nd1 Bd7 22.
g4 Rg8 23. Qh7 Qxd4 24. Qxg8 Qxf4+ 25. Kb1 Nxe5 26. Rxh6 O-O-O 27. Rh8 Qxf6 28.
Rf1 Qe7 29. Qh7 c5 30. Nf2 Nc4 31. Nd3 Nd2+ 32. Kc1 Nxf1 33. Bxf1 Qg5+ 34. Kb1
Qxg4 35. Qxf7 Bd6 36. Rh7 Qg8 37. Qh5 Rf8 38. Bh3 Qg1+ 39. Ka2 Qd4 40. Qg6 Qf6
41. Qg2 Rf7 42. Qg8+ Rf8 43. Qg2 Rh8 44. Rxd7 Kxd7 45. Qxd5 Kc7 46. Bxe6 Qd4
47. Qf5 Rf8 48. Qh7+ Kb8 49. c4 Qf6 50. Bd5 Qe7 51. Qh3 Qc7 52. Qe3 Qe7 53. Qh3
Rd8 54. Nc1 Ka7 55. Nb3 Qc7 56. Qe3 Rf8 57. Qe1 b6 58. Nd2 Be5 59. Nb3 Rh8 60.
Nc1 Bg7 61. Nd3 Rf8 62. Qe2 Qd7 63. Qe4 Re8 64. Qh7 Rd8 65. Qg6 Rf8 66. Qh7 Qe7
67. Qg6 Rf6 68. Qg3 Rd6 69. Qh3 Qd7 70. Qg2 1/2-1/2

[Event "Campeonato de España sub-16 2011"]
[Site "Padron ESP"]
[Date "2011.07.24"]
[Round "9.16"]
[White "Rojano Alfonso, Carlos"]
[Black "Castillo Martinez, Eloi"]
[Result "1-0"]
[WhiteElo "2060"]
[BlackElo "1800"]
[PlyCount "97"]
[EventDate "2011.07.19"]
[EventType "swiss"]
[EventRounds "9"]
[EventCountry "ESP"]
[Source "lmi"]
[SourceDate "2011.07.19"]

1. e4 e5 2. Nf3 d6 3. d4 exd4 4. Nxd4 Nf6 5. Bd3 Be7 6. O-O O-O 7. Bf4 Nbd7 8.
Nf5 Ne5 9. Nc3 Re8 10. Nxe7+ Qxe7 11. Bg5 c6 12. f4 Ned7 13. Qf3 Qd8 14. Ne2
Qb6+ 15. Kh1 d5 16. e5 Ne4 17. Qh5 Ndc5 18. Bh4 Qxb2 19. Rab1 Qa3 20. Rf3 Nxd3
21. cxd3 g6 22. Qh6 Nd2 23. Rg1 Nxf3 24. gxf3 Qf8 25. Qg5 h6 26. Qg3 Kh7 27.
Bf6 Re6 28. Qh4 Bd7 29. f5 Rxf6 30. Qxf6 Bxf5 31. Rb1 Rb8 32. Nf4 Qe8 33. h4
Qh8 34. Qe7 Qg8 35. Rxb7 Rxb7 36. Qxb7 Qc8 37. Qxf7+ Kh8 38. e6 Qg8 39. Qf6+
Qg7 40. Qd8+ Kh7 41. e7 Qa1+ 42. Kh2 Qc1 43. e8=Q Qxf4+ 44. Kg2 Bh3+ 45. Kf2
Qh2+ 46. Ke3 Qg1+ 47. Kd2 Qh2+ 48. Kc3 d4+ 49. Qxd4 1-0